Responsive single page website in drupal (Record no. 4563)

MARC details
000 -LEADER
fixed length control field 00598nam a22001697a 4500
003 - CONTROL NUMBER IDENTIFIER
control field OSt
005 - DATE AND TIME OF LATEST TRANSACTION
control field 20220107122757.0
008 - FIXED-LENGTH DATA ELEMENTS--GENERAL INFORMATION
fixed length control field 150327b xxu||||| |||| 00| 0 eng d
040 ## - CATALOGING SOURCE
Transcribing agency
100 ## - MAIN ENTRY--PERSONAL NAME
Personal name Teena N Tony (92212019)
9 (RLIN) 6299
245 ## - TITLE STATEMENT
Title Responsive single page website in drupal
502 ## - DISSERTATION NOTE
Degree type MSc. Computational Science
Name of granting institution 2012 - 2014
Year degree granted INT
-- Manoj Kumar T K
-- Jacob Ninan (Kottackal Business Solutions Pvt. Ltd.)
Miscellaneous information "Kottackal Business Solutions Pvt. Ltd., Trivandrum"
650 ## - SUBJECT ADDED ENTRY--TOPICAL TERM
Topical term or geographic name entry element CONTENT MANAGEMENT SYSTEM
9 (RLIN) 6300
650 ## - SUBJECT ADDED ENTRY--TOPICAL TERM
Topical term or geographic name entry element DRUPAL
9 (RLIN) 6301
650 ## - SUBJECT ADDED ENTRY--TOPICAL TERM
Topical term or geographic name entry element SOFTWARE TESTING
9 (RLIN) 6302
942 ## - ADDED ENTRY ELEMENTS (KOHA)
Source of classification or shelving scheme Dewey Decimal Classification
Koha item type
Holdings
Withdrawn status Lost status Source of classification or shelving scheme Damaged status Not for loan Home library Current library Date acquired Total Checkouts Barcode Date last seen Price effective from Koha item type
    Dewey Decimal Classification     IIITM-K Kerala University of Digital Sciences, Innovation and Technology Knowledge Centre 27/03/2015   R-493 27/03/2015 27/03/2015 Project Reports